LDR 01008naa#a2200169#i#450# 001 RU\\bibl\121462 005 20260514124320.4 011 ## _a1994-4683 100 ## _a20230531b2023####ek#y0rusy0150####ca 102 ## _aRU 200 1# _aОПТИМИЗАЦИЯ ПСИХОЭМОЦИОНАЛЬНОГО СОСТОЯНИЯ ХОККЕИСТОВ С УЧЕТОМ СПЕЦИФИКИ СПОРТИВНОЙ ПОДГОТОВКИ В МИКРОЦИКЛАХ ПРЕДСОРЕВНОВАТЕЛЬНОГО МЕЗОЦИКЛА _eЖурнальная статья 210 1# _aМосква _cНациональный государственный Университет физической культуры, спорта и здоровья им. П.Ф. Лесгафта _d2023 215 ## _a5 с. 608 ## _aЖурнальная статья _2local 675 ## _aФилософия. Теория. Назначение. Методика. Этика. Эстетика. 796.01 _z 700 #1 _aСмоленцева _gВ Н 856 4# _auchzapiski.lesgaft.spb.ru _u